Statistics for American Idol Winners

Click here to take the quiz!

General Stats

  • This quiz has been taken 22 times
  • The average score is 11 of 15

Answer Stats

Season #Winner% Correct
1Kelly Clarkson
100%
4Carrie Underwood
89%
8Kris Allen
84%
2Ruben Studdard
84%
7David Cook
79%
11Phillip Phillips
79%
5Taylor Hicks
74%
3Fantasia Barrino
68%
6Jordin Sparks
68%
9Lee DeWyze
68%
13Caleb Johnson
58%
12Candice Glover
58%
14Nick Fradiani
58%
10Scotty McCreery
53%
15Trent Harmon
47%

Score Distribution

Percentile by Number Answered

Percent of People with Each Score

Your Score History

You have not taken this quiz